Word Unscrambles - Very Easy - Statistics

General Stats
  • This quiz has been taken 776 times
  • The average score is 14 of 15
Answer Stats
Hint Answer % Correct
ih Hi
100%
hte The
100%
lal All
99%
ta At
99%
yad Day
99%
ofr For
99%
pelh Help
99%
ni In
99%
yse Yes
99%
eyh Hey
98%
atwh What
98%
edne Need
96%
earl Real
94%
ainga Again
79%
hseet These
69%
No matching quizzes found
Score Distribution
Percent of People with Each Score
Percentile by Number Answered
Your Score History
You have not taken this quiz